Stosunki przemyslowe i Rada Spoleczno-Ekonomiczna w Holandii.

Trojstranný systém za účasti vlády, odborných organizácií a podnikateľov v Holandsku. Holandské priemyselné vzťahy. Štruktúra vlády v Holandsku. Základné štruktúry priemyselného "diamentu". Spoločensko-ekonomická rada - Social Economische Raad (SER) - jej zloženie a úlohy.

Salvato in:
Dettagli Bibliografici
Autore principale: Oleksyn, T.
Natura: Capitolo di libro
Lingua:polacco
Soggetti:
Tags: Aggiungi Tag
Nessun Tag, puoi essere il primo ad aggiungerne!!

MARC

LEADER 00000naa a2200000 4500
001 r009094
005 20221125123026.4
041 0 |a pol 
044 |a PL 
245 1 0 |a Stosunki przemyslowe i Rada Spoleczno-Ekonomiczna w Holandii.  |c T. Oleksyn 
520 |a Trojstranný systém za účasti vlády, odborných organizácií a podnikateľov v Holandsku. Holandské priemyselné vzťahy. Štruktúra vlády v Holandsku. Základné štruktúry priemyselného "diamentu". Spoločensko-ekonomická rada - Social Economische Raad (SER) - jej zloženie a úlohy. 
610 2 0 |a priemysel 
610 2 0 |a vzťahy výrobné 
610 2 0 |a Holandsko 
610 2 0 |a podnik priemyselný 
610 2 0 |a riadenie odvetví 
610 2 0 |a vláda 
610 2 0 |a odbory 
610 2 0 |a podnikatelia 
100 1 |a Oleksyn, T.